[Event "ISR-chT"]
[Site "Israel"]
[Date "2023.05.12"]
[Round "11.1"]
[White "Prozhanski, Genrik"]
[Black "Taichman, Ori"]
[Result "0-1"]
[WhiteElo "2254"]
[BlackElo "2317"]
[PlyCount "68"]
[EventDate "2023.01.11"]
[EventType "team-tourn"]
[EventRounds "11"]
[EventCountry "ISR"]
[SourceTitle "EXT 2024"]
[Source "ChessBase"]
[SourceDate "2023.10.10"]
[SourceVersion "1"]
[SourceVersionDate "2023.10.10"]
[SourceQuality "1"]
[WhiteTeam "Netanya"]
[BlackTeam "Beer Sheva II"]
[WhiteTeamCountry "ISR"]
[BlackTeamCountry "ISR"]

1. d4 Nf6 2. c4 g6 3. Nc3 Bg7 4. e4 d6 5. Nf3 0-0 6. Be2 e5 7. d5 a5 8. Be3 Ng4 9. Bg5 f6 10. Bh4 Na6 11. Nd2 Nh6 12. a3 Bd7 13. 0-0 Qe8 14. b3 f5 15. f3 Bf6 16. Bxf6 Rxf6 17. b4 g5 18. Qb3 a4 19. Qc2 f4 20. c5 dxc5 21. b5 Nb8 22. Nc4 Nf7 23. d6 c6 24. Rfd1 Be6 25. Nxa4 cxb5 26. Ncb6 Rxa4 27. Nxa4 bxa4 28. Qxc5 Bb3 29. Rd2 Qd8 30. d7 Nxd7 31. Qb5 Qb6+ 32. Qxb6 Nxb6 33. Bd1 Nc4 34. Rd5 Rd6 0-1

[Event "ISR-chT"]
[Site "Israel"]
[Date "2023.01.20"]
[Round "3.1"]
[White "Alekseev, Evgeny V"]
[Black "Prozhanski, Genrik"]
[Result "1/2-1/2"]
[WhiteElo "2575"]
[BlackElo "2254"]
[PlyCount "75"]
[EventDate "2023.01.11"]
[EventType "team-tourn"]
[EventRounds "11"]
[EventCountry "ISR"]
[SourceTitle "CBM 212 Extra"]
[Source "ChessBase"]
[SourceDate "2023.03.31"]
[SourceVersion "1"]
[SourceVersionDate "2023.03.31"]
[SourceQuality "1"]
[WhiteTeam "Ashdod"]
[BlackTeam "Netanya"]
[WhiteTeamCountry "ISR"]
[BlackTeamCountry "ISR"]

1. e4 c5 2. Nf3 e6 3. d4 cxd4 4. Nxd4 Nc6 5. Nc3 Qc7 6. g4 a6 7. Be3 b5 8. Nxc6 Qxc6 9. Qd2 Bb7 10. 0-0-0 Nf6 11. f3 b4 12. Ne2 d5 13. e5 Nd7 14. f4 Bc5 15. Bxc5 Qxc5 16. Nd4 0-0 17. Qe3 a5 18. f5 Ba6 19. Qg5 Rfe8 20. f6 Qf8 21. Re1 Kh8 22. Qh4 gxf6 23. exf6 Qc5 24. g5 Bxf1 25. g6 fxg6 26. Rhxf1 e5 27. f7 Re7 28. Nc6 Re6 29. Nd8 Rc8 30. Re2 Rb6 31. f8Q+ Nxf8 32. Nf7+ Kg8 33. Nxe5 Re6 34. Ng4 Nd7 35. Nh6+ Kh8 36. Nf7+ Kg8 37. Nh6+ Kh8 38. Nf7+ 1/2-1/2

[Event "ISR-chT"]
[Site "Israel"]
[Date "2023.01.18"]
[Round "4.1"]
[White "Prozhanski, Genrik"]
[Black "Aharon, Ofir"]
[Result "1/2-1/2"]
[WhiteElo "2254"]
[BlackElo "2256"]
[PlyCount "21"]
[EventDate "2023.01.11"]
[EventType "team-tourn"]
[EventRounds "11"]
[EventCountry "ISR"]
[SourceTitle "CBM 212 Extra"]
[Source "ChessBase"]
[SourceDate "2023.03.31"]
[SourceVersion "1"]
[SourceVersionDate "2023.03.31"]
[SourceQuality "1"]
[WhiteTeam "Netanya"]
[BlackTeam "Haifa Nesher"]
[WhiteTeamCountry "ISR"]
[BlackTeamCountry "ISR"]

1. d4 Nf6 2. c4 g6 3. Nc3 d5 4. cxd5 Nxd5 5. e4 Nxc3 6. bxc3 Bg7 7. Rb1 e5 8. Nf3 exd4 9. cxd4 0-0 10. Bc4 c5 11. 0-0 1/2-1/2

[Event "ISR-ch op"]
[Site "Safed"]
[Date "2021.12.13"]
[Round "6"]
[White "Prozhanski, Genrik"]
[Black "Yaniv, Yuval"]
[Result "1-0"]
[WhiteElo "2240"]
[BlackElo "2375"]
[PlyCount "105"]
[EventDate "2021.12.08"]
[EventType "swiss"]
[EventRounds "9"]
[EventCountry "ISR"]
[SourceTitle "CBM 205 Extra"]
[Source "ChessBase"]
[SourceDate "2022.01.31"]
[SourceVersion "1"]
[SourceVersionDate "2022.01.31"]
[SourceQuality "1"]

1. d4 Nf6 2. c4 e6 3. Nc3 Bb4 4. Qc2 d6 5. Bd2 Nbd7 6. a3 Bxc3 7. Bxc3 b6 8. e4 c5 9. Nf3 cxd4 10. Nxd4 Bb7 11. f3 0-0 12. Rd1 d5 13. exd5 exd5 14. Nf5 Re8+ 15. Be2 Qc7 16. Qd2 Nh5 17. Qg5 g6 18. Ne7+ Kf8 19. Nxd5 Qxc4 20. 0-0 Rxe2 21. Rd4 Bxd5 22. Rxc4 Bxc4 23. g4 f6 24. Qh4 Ng7 25. Rd1 g5 26. Qh6 Re7 27. Bb4 Nc5 28. Qxf6+ Bf7 29. Qxg5 Rae8 30. Bc3 Nce6 31. Qh6 Bg6 32. f4 Kg8 33. Rf1 Bd3 34. Rf3 Be4 35. Re3 Nc5 36. f5 Rf7 37. b4 Nd7 38. f6 Re6 39. Qh4 Ne8 40. g5 Nd6 41. Qe1 Nf8 42. h4 Ng6 43. Qf2 Ne5 44. Qg3 Nf5 45. Qh3 Nxe3 46. Qxe6 Nf3+ 47. Kf2 Nd1+ 48. Kg3 Nxc3 49. Qc8+ Rf8 50. Qxc3 Ba8 51. Qc7 Rf7 52. Qb8+ Rf8 53. Qxa7 1-0

[Event "ISR-ch"]
[Site "Haifa"]
[Date "2010.11.10"]
[Round "3.16"]
[White "Prozhanski, Genrik"]
[Black "Galburd, Yan"]
[Result "0-1"]
[WhiteElo "2342"]
[BlackElo "2322"]
[PlyCount "84"]
[EventDate "2010.11.08"]
[EventType "swiss"]
[EventRounds "9"]
[EventCountry "ISR"]
[SourceTitle "EXT 2011"]
[Source "ChessBase"]
[SourceDate "2010.11.26"]
[SourceVersion "1"]
[SourceVersionDate "2010.11.26"]
[SourceQuality "1"]

1. d4 Nf6 2. c4 g6 3. Nc3 Bg7 4. e4 0-0 5. Nf3 d6 6. Be2 c5 7. d5 e6 8. Bf4 exd5 9. cxd5 b5 10. Bxb5 Nxe4 11. Nxe4 Qa5+ 12. Qd2 Qxb5 13. Nxd6 Qxb2 14. Qxb2 Bxb2 15. Rb1 Bc3+ 16. Bd2 Bxd2+ 17. Kxd2 Rd8 18. Nxc8 Rxd5+ 19. Kc3 Nc6 20. Kc4 Rd7 21. Nb6 axb6 22. Rxb6 Nd4 23. Ne5 Ra4+ 24. Kc3 Re7 25. Nd3 Re2 26. Rb2 Ra3+ 27. Kc4 Rxb2 28. Nxb2 Rxa2 29. Rb1 Ne6 30. Kb3 Ra7 31. Rc1 Nd4+ 32. Kc4 Kg7 33. Nd3 Ne6 34. Rb1 Ra4+ 35. Kc3 Ra2 36. Nb2 Kf6 37. Kb3 Ra7 38. Rd1 Nf4 39. g3 Ne6 40. Rd5 Ra1 41. h4 Rc1 42. Ka3 Nd4 0-1

[Event "ISR-ch 34th"]
[Site "Haifa"]
[Date "2008.12.02"]
[Round "2"]
[White "Prozhanski, Genrik"]
[Black "Gershkowich, David"]
[Result "0-1"]
[WhiteElo "2316"]
[BlackElo "2341"]
[PlyCount "90"]
[EventDate "2008.12.01"]
[EventType "swiss"]
[EventRounds "9"]
[EventCountry "ISR"]
[SourceTitle "CBM 127 Extra"]
[Source "ChessBase"]
[SourceDate "2009.01.08"]
[SourceVersion "2"]
[SourceVersionDate "2009.01.28"]
[SourceQuality "1"]

1. d4 d5 2. c4 e6 3. Nc3 Be7 4. Nf3 Nf6 5. Bf4 0-0 6. e3 c5 7. dxc5 Bxc5 8. Qc2 Nc6 9. a3 Qa5 10. Nd2 Be7 11. Bg3 Bd7 12. Be2 a6 13. 0-0 Rac8 14. Qd3 Qb6 15. b4 Qa7 16. cxd5 exd5 17. Nxd5 Rfd8 18. Nxe7+ Nxe7 19. Qd4 Qxd4 20. exd4 Nf5 21. Be5 Nd5 22. Bf3 Bb5 23. Rfc1 Rxc1+ 24. Rxc1 f6 25. Bg3 Nxd4 26. Bd1 Ba4 27. Ne4 f5 28. Nc5 Bxd1 29. Rxd1 Nc3 30. Rf1 f4 31. Bh4 Nde2+ 32. Kh1 Rd5 33. f3 g5 34. Bf2 Nd1 35. Bg1 Nxg1 36. Kxg1 Ne3 37. Ra1 Rd2 38. Nxb7 g4 39. fxg4 Rxg2+ 40. Kh1 f3 41. Nd6 Nxg4 42. Ne4 Rxh2+ 43. Kg1 Rg2+ 44. Kh1 Re2 45. Ng5 Rh2+ 0-1

[Event "ISR-ch op"]
[Site "Tel Aviv"]
[Date "2001.04.10"]
[Round "2"]
[White "Acs, Peter"]
[Black "Prozhanski, Genrik"]
[Result "1-0"]
[WhiteElo "2509"]
[BlackElo "2314"]
[PlyCount "79"]
[EventDate "2001.04.09"]
[EventType "swiss"]
[EventRounds "9"]
[EventCountry "ISR"]
[SourceTitle "CBM 081 Extra"]
[Source "ChessBase"]
[SourceDate "2001.05.06"]
[SourceVersion "1"]
[SourceVersionDate "2001.05.06"]
[SourceQuality "1"]

1. e4 c5 2. Nf3 d6 3. d4 cxd4 4. Nxd4 Nf6 5. Nc3 Nc6 6. Bg5 Qb6 7. Nb3 e6 8. Qd2 Be7 9. Bxf6 gxf6 10. 0-0-0 a6 11. Kb1 Bd7 12. f4 0-0-0 13. Be2 h5 14. h4 Kb8 15. Bf3 Na5 16. Qe2 Rc8 17. Rd3 Nxb3 18. axb3 Qa5 19. f5 b5 20. Bxh5 b4 21. Nd1 exf5 22. Bxf7 Rc5 23. Rd5 Rhc8 24. h5 Bf8 25. h6 fxe4 26. Qxe4 Bc6 27. Ne3 f5 28. Qxf5 Bxd5 29. Bxd5 R5c7 30. Be6 Rc5 31. Qf6 Qd8 32. Qf4 R8c7 33. Qxb4+ Rb7 34. Qd4 Re5 35. Bd5 Rbe7 36. h7 Bg7 37. h8Q Bxh8 38. Rxh8 Qxh8 39. Qb6+ Kc8 40. Qc6+ 1-0